000 00625nam a2200193Ia 4500
005 20250923145241.0
008 008 250917s9999 xx 000 0 eng d
037 _aTextual
040 _aDSWL
_beng
_cDSWL
041 _aeng
_2eng
084 _aX:275.43, N46
_qDSWL
100 _aAndrus, J. Russell
_9833352
245 0 _aBasic problems of relief rahabilitation and reconstruction in South-East Asia
_cby J. Russell Andrus
260 _aNew Delhi
_b Indian Council of World Affairs
_c1946
365 _aINR
_b7.50
925 _g7.50
942 _cTEXL
_hX:275.43, N46
999 _c1448974
_d1448974